000 01300nam2a2200229 4500
001 rc\2964387
005 20260315061233.0
035 _a(NLR Aleph) 007110854
090 _a13605938
_c13605938
100 _a20110905d1937 u y0rusy50 ca
101 0 _arus
102 _aRU
105 _abea z |||||
200 1 _aАгро-лесомелиорация
_eС 16 рисунками
210 _d1937
215 _aОбл., 68, [2] с., 2 вкл. л. план. и картогр.
_cил., план., картогр.
461 0 _1001rc\2964386
_12001#$aНаучно-исследовательские работы Воронежской лесной опытной станции$e(Краткий обзор)$fВоронеж. лесная опыт. ст. МНИЛХа ГУЛО СНХ СССР$vВып. 2
_96766245
_aВоронежская областная лесная опытная станция
_cВоронеж
_d1937
_fВоронеж. лесная опыт. ст. МНИЛХа ГУЛО СНХ СССР
_nБ. и.
_o(Краткий обзор)
_tНаучно-исследовательские работы Воронежской лесной опытной станции
_vВып. 2
801 0 _aRU
_bNLR
_gpsbo
801 1 _aRU
_bELAR
_2rusmarc
852 _aNLR
_j35-17/323(2)
942 _cUNSPEC
980 _aNB